000
00321nam a22001457a 4500
008
230324b ||||| |||| 00| 0 eng d
020
_a
9780684827902
041
_a
eng
080
_a
94
082
_a
94STR
100
_a
28
101
_a
HISTORI
245
_a
THE LANDMARK THUCYDIDES
_c
STRASSLER.B.R
942
_2
udc
_c
BK
999
_c
59433
_d
59433